<?xml version="1.0" encoding="UTF-8"?>
<record
    xmlns:xsi="http://www.w3.org/2001/XMLSchema-instance"
    xsi:schemaLocation="http://www.loc.gov/MARC21/slim http://www.loc.gov/standards/marcxml/schema/MARC21slim.xsd"
    xmlns="http://www.loc.gov/MARC21/slim">

  <leader>01489nam a22002894c 4500</leader>
  <controlfield tag="003">AR-BaSMT</controlfield>
  <controlfield tag="008">260512b2025     aga|||br|||| 000 1bspa d</controlfield>
  <datafield tag="020" ind1=" " ind2=" ">
    <subfield code="a">9789878013640</subfield>
  </datafield>
  <datafield tag="040" ind1=" " ind2=" ">
    <subfield code="a">BSGB</subfield>
    <subfield code="b">espa&#xF1;ol</subfield>
    <subfield code="c">BSGB</subfield>
    <subfield code="e">rda</subfield>
  </datafield>
  <datafield tag="041" ind1="0" ind2=" ">
    <subfield code="a">spa</subfield>
    <subfield code="h">espa&#xF1;ol</subfield>
  </datafield>
  <datafield tag="080" ind1=" " ind2=" ">
    <subfield code="a">82-34 </subfield>
  </datafield>
  <datafield tag="100" ind1="1" ind2=" ">
    <subfield code="a">Galeano, Eduardo</subfield>
    <subfield code="9">464</subfield>
  </datafield>
  <datafield tag="245" ind1="1" ind2="4">
    <subfield code="a">Un mar de fueguitos</subfield>
  </datafield>
  <datafield tag="250" ind1=" " ind2=" ">
    <subfield code="a">Primera edici&#xF3;n ; segunda reimpresi&#xF3;n</subfield>
  </datafield>
  <datafield tag="264" ind1=" " ind2=" ">
    <subfield code="a">Buenos aires : </subfield>
    <subfield code="b">Siglo XXI Editores , </subfield>
    <subfield code="c">2025</subfield>
  </datafield>
  <datafield tag="300" ind1=" " ind2=" ">
    <subfield code="a">48 p&#xE1;ginas ; </subfield>
    <subfield code="b">ilustraciones color</subfield>
  </datafield>
  <datafield tag="336" ind1=" " ind2=" ">
    <subfield code="2">rdacontent</subfield>
    <subfield code="a">texto</subfield>
    <subfield code="b">txt</subfield>
  </datafield>
  <datafield tag="337" ind1=" " ind2=" ">
    <subfield code="2">rdamedia</subfield>
    <subfield code="a">sin mediaci&#xF3;n</subfield>
    <subfield code="b">n</subfield>
  </datafield>
  <datafield tag="338" ind1=" " ind2=" ">
    <subfield code="2">rdacarrier</subfield>
    <subfield code="a">volumen</subfield>
    <subfield code="b">nc</subfield>
  </datafield>
  <datafield tag="490" ind1=" " ind2=" ">
    <subfield code="a">Biblioteca Eduardo Galeano</subfield>
  </datafield>
  <datafield tag="520" ind1=" " ind2=" ">
    <subfield code="a">Las tres historias incluidas en este libro impactaron (y siguen haci&#xE9;ndolo) a miles de lectores de diferentes partes del mundo. Algunos ni saben que fueron escritas por Eduardo Galeano. Eso es lo que sucede cuando un texto se vuelve popular: las palabras del autor viajan m&#xE1;s lejos y m&#xE1;s veloces que su propio nombre.

Nos encantar&#xED;a que este libro, genialmente ilustrado por Poly Bernatene, fuera un primer acercamiento sensible de muchos ni&#xF1;os y ni&#xF1;as a este mar de fueguitos que es nuestro mundo. Y nos gustar&#xED;a todav&#xED;a m&#xE1;s que, cuando lo lean, se enciendan.</subfield>
    <subfield code="u">https://sigloxxieditores.com.ar/libro/un-mar-de-fueguitos/
12/05/2026</subfield>
  </datafield>
  <datafield tag="650" ind1=" " ind2="7">
    <subfield code="9">8</subfield>
    <subfield code="a">LITERATURA INFANTIL</subfield>
  </datafield>
  <datafield tag="650" ind1=" " ind2="7">
    <subfield code="9">23</subfield>
    <subfield code="a">CUENTO</subfield>
  </datafield>
  <datafield tag="700" ind1="1" ind2=" ">
    <subfield code="a">Bernatene, Poly</subfield>
    <subfield code="e">Ilustrador</subfield>
    <subfield code="9">30</subfield>
  </datafield>
  <datafield tag="942" ind1=" " ind2=" ">
    <subfield code="2">ddc</subfield>
    <subfield code="a">BOOK</subfield>
  </datafield>
  <datafield tag="999" ind1=" " ind2=" ">
    <subfield code="c">679</subfield>
    <subfield code="d">679</subfield>
  </datafield>
  <datafield tag="952" ind1=" " ind2=" ">
    <subfield code="0">0</subfield>
    <subfield code="1">0</subfield>
    <subfield code="2">ddc</subfield>
    <subfield code="4">0</subfield>
    <subfield code="a">BSGB</subfield>
    <subfield code="b">BSGB</subfield>
    <subfield code="c">Celeste</subfield>
    <subfield code="e">Compra Feria del Libro 2026</subfield>
    <subfield code="i">001062</subfield>
    <subfield code="l">0</subfield>
    <subfield code="o">82-34 GAL</subfield>
    <subfield code="p">001062</subfield>
    <subfield code="t">1</subfield>
    <subfield code="y">BOOK</subfield>
    <subfield code="f"></subfield>
  </datafield>
</record>
